Effect of different organic ferilizer on sweet pepper under crop station condition of the royal university of agriculture,(ឥទ្ធិពលជីធម្មជាតិទៅលើម្ទេសហាវៃក្នុងលក្ខខណ្ឌស្ថានីយ៍ដំនាំនៃសាកលវិទ្យាល័យភូមិន្ទកសិកម្ម) (Record no. 779)

000 -LEADER
fixed length control field 00740nam a22001577a 4500
003 - CONTROL NUMBER IDENTIFIER
control field OSt
005 - DATE AND TIME OF LATEST TRANSACTION
control field 20150918174752.0
008 - FIXED-LENGTH DATA ELEMENTS--GENERAL INFORMATION
fixed length control field 150918b xxu||||| |||| 00| 0 eng d
040 ## - CATALOGING SOURCE
Transcribing agency RUA
082 ## - DEWEY DECIMAL CLASSIFICATION NUMBER
Classification number AGR CHH 2005 B032 Or.1
100 ## - MAIN ENTRY--PERSONAL NAME
9 (RLIN) 808
Personal name CHHOR PORHENG
245 ## - TITLE STATEMENT
Title Effect of different organic ferilizer on sweet pepper under crop station condition of the royal university of agriculture,(ឥទ្ធិពលជីធម្មជាតិទៅលើម្ទេសហាវៃក្នុងលក្ខខណ្ឌស្ថានីយ៍ដំនាំនៃសាកលវិទ្យាល័យភូមិន្ទកសិកម្ម)
260 ## - PUBLICATION, DISTRIBUTION, ETC. (IMPRINT)
Place of publication, distribution, etc. phnom penh
Name of publisher, distributor, etc. RUA
Date of publication, distribution, etc. 2005
300 ## - PHYSICAL DESCRIPTION
Extent vi,57p.
Dimensions ill.
Size of unit 29cm.
942 ## - ADDED ENTRY ELEMENTS (KOHA)
Source of classification or shelving scheme
Koha item type AGR
Holdings
Price effective from Date last seen Permanent Location Not for loan Date acquired Source of classification or shelving scheme Koha item type Lost status Withdrawn status Date last checked out Total Checkouts Shelving location Damaged status Barcode Current Location Full call number
2015-09-182017-01-13Library Block B 2015-09-18 AGR  2017-01-031B032 RUA002225Library Block BAGR CHH 2005 B032 Or.1
មជ្ឈមណ្ឌលឯការនៃសាកលវិទ្យាល័យភូមិន្ទកសិកម្មចំការដូង

Powered by Koha